000 00422nam a2200157Ia 4500
008 230312s9999||||xx |||||||||||||| ||und||
020 _a0-471-22581-9
082 _a659
_bZYM
100 _aSERGIO ZYMAN
245 0 _aEnd of Advertising As We Know It
260 _bJohn Wiley & Sons
_aNew Jersey
_c2002
300 _a239
546 _aEng.
650 _aManagement
_vHow we killed tradition advertising
942 _cBK
999 _c292
_d292